| 000 | 00769nam a2200205Ia 4500 | ||
|---|---|---|---|
| 001 | 5742 | ||
| 003 | GE_BSU | ||
| 008 | 181216s||||||||xx |||||||||||||| ||und|| | ||
| 040 | _cGE_BSU | ||
| 080 | _a519.21(075.8) | ||
| 100 | _aГмурман В. Е. | ||
| 245 | _aРуководство к решению задач по теории вероятностей и математической статистике | ||
| 245 | _bУчебное пособие для студ. втузов | ||
| 260 | _aмосква | ||
| 260 | _bВысшая школа | ||
| 260 | _c1970 | ||
| 300 | _a239с. 20см. | ||
| 653 | _aРуководство к решениюпо теории вероятностей и математической статистике | ||
| 942 | _cBK | ||
| 999 |
_c39159 _d39159 |
||